| 000 | 00710nam a2200241Ia 4500 | ||
|---|---|---|---|
| 003 | OSt | ||
| 005 | 20211220141131.0 | ||
| 008 | 210716s2005 xx 000 0 und d | ||
| 020 | _a978-93-5273-383-5 | ||
| 040 | _cAIMIT Library | ||
| 041 | _aeng | ||
| 082 |
_a332.12 _226th _bGORE |
||
| 100 |
_aGordon, E. _911485 |
||
| 245 |
_aBanking: _bTheory law and practice. _cE. Gordon and K. Natarajan. |
||
| 250 | _a26th. ed. - | ||
| 260 |
_aMumbai: _bHimalaya Publishing House, _c2017 |
||
| 300 | _aX,494p. ; 23.5 cm | ||
| 650 |
_aBanking system. _911486 |
||
| 650 |
_aElectronic Banking _911912 |
||
| 650 |
_aBankking regualation. _911913 |
||
| 700 |
_aNatarajan, K. _911914 |
||
| 942 |
_2ddc _cBK _m332.12 GORE |
||
| 999 |
_c210663 _d210663 |
||